[Event "Yinzhou Cup Women World Teams"]
[Site "Ningbo CHN"]
[Date "2009.09.02"]
[EventDate "2009.09.02"]
[Round "1"]
[Result "1/2-1/2"]
[White "Anna Zatonskih"]
[Black "Jolanta Zawadzka"]
[WhiteElo "2462"]
[BlackElo "2414"]
[PlyCount "195"]

1. d4 Nf6 2. c4 g6 3. g3 Bg7 4. Bg2 d6 5. Nf3 O-O 6. O-O Nc6
7. Nc3 Bg4 8. d5 Na5 9. Nd2 c5 10. Qc2 a6 11. Re1 Rb8 12. b3
b5 13. Bb2 e5 14. dxe6 Bxe6 15. cxb5 axb5 16. Nce4 Nd5
17. Bxg7 Kxg7 18. Nc3 Nf6 19. Nde4 b4 20. Nxf6 Qxf6 21. Ne4
Qe7 22. Rad1 Rfd8 23. Rd2 Rbc8 24. Nc3 Nc6 25. Bxc6 Rxc6
26. Nd5 Bxd5 27. Rxd5 Ra8 28. e4 Rca6 29. Qd3 Qf6 30. Rf1 h5
31. e5 dxe5 32. Rxc5 Rxa2 33. Qe4 Rd8 34. Rxe5 Rdd2 35. Qe1
Rxf2 36. Rxf2 Rxf2 37. Qxf2 Qxe5 38. Qf3 Qe1+ 39. Kg2 f5
40. Qb7+ Kh6 41. Qf7 Qe4+ 42. Kh3 Qg4+ 43. Kg2 Qe2+ 44. Kg1
Qd1+ 45. Kg2 Qd6 46. h4 Qc6+ 47. Kh2 Qc8 48. Qe7 Qc2+ 49. Kh3
Qxb3 50. Qf8+ Kh7 51. Qe7+ Kg8 52. Qe8+ Kg7 53. Qe7+ Qf7
54. Qxb4 Qd7 55. Qc3+ Kh7 56. Kh2 Qe7 57. Qc4 Kh6 58. Qf4+ Kg7
59. Qd4+ Kf7 60. Qc4+ Qe6 61. Qc7+ Kf6 62. Qc3+ Ke7 63. Qc7+
Qd7 64. Qc3 Qd6 65. Qg7+ Kd8 66. Qg8+ Kd7 67. Qf7+ Kc6
68. Qc4+ Kb6 69. Qb3+ Kc5 70. Qc3+ Kd5 71. Qd3+ Ke6 72. Qc4+
Ke7 73. Qc3 Kf7 74. Qc4+ Kf6 75. Qc3+ Qe5 76. Qc6+ Kg7
77. Qd7+ Kh6 78. Qf7 Qb2+ 79. Kg1 Qg7 80. Qc4 Qf6 81. Qg8 f4
82. gxf4 Qd4+ 83. Kg2 Qe4+ 84. Kg1 Qe1+ 85. Kg2 Qe2+ 86. Kg1
Qg4+ 87. Kf1 Qxf4+ 88. Kg2 Qg4+ 89. Kf1 Qf5+ 90. Kg2 Qf6
91. Kg3 Qg7 92. Qxg7+ Kxg7 93. Kf4 Kf6 94. Ke4 Ke6 95. Kf4 Kf6
96. Ke4 g5 97. hxg5+ Kxg5 98. Kf3 1/2-1/2

[Event "Yinzhou Cup Women World Teams"]
[Site "Ningbo CHN"]
[Date "2009.09.03"]
[EventDate "2009.09.02"]
[Round "2"]
[Result "1/2-1/2"]
[White "Lilit Mkrtchian"]
[Black "Anna Zatonskih"]
[WhiteElo "2468"]
[BlackElo "2462"]
[PlyCount "91"]

1. e4 e5 2. Nf3 Nf6 3. d4 Nxe4 4. Bd3 d5 5. dxe5 Be7 6. O-O
Nc6 7. Nc3 Nxc3 8. bxc3 Bg4 9. Re1 O-O 10. h3 Be6 11. Rb1 Rb8
12. Nd4 Nxd4 13. cxd4 Qd7 14. g4 f5 15. exf6 Bxf6 16. Be3 g6
17. Bf1 c6 18. Bg2 Rbe8 19. Qd3 Bg7 20. Re2 h5 21. f3 Qf7
22. c3 Bc8 23. Rbe1 Bd7 24. Bg5 Rxe2 25. Rxe2 Re8 26. Bf1 Rxe2
27. Bxe2 Bf8 28. Qe3 Qe6 29. Kf2 Qxe3+ 30. Kxe3 Kf7 31. Bf4 c5
32. dxc5 Bxc5+ 33. Kd2 a6 34. Be3 Be7 35. Bd3 Bc6 36. Bd4 Bg5+
37. Ke2 Ba4 38. Be5 Bd7 39. f4 Bh6 40. Kf3 hxg4+ 41. hxg4 Bf8
42. Bc2 Be7 43. Bb3 Be6 44. Bd4 b5 45. Bd1 Ba3 46. Bb3 1/2-1/2

[Event "Yinzhou Cup Women World Teams"]
[Site "Ningbo CHN"]
[Date "2009.09.05"]
[EventDate "2009.09.02"]
[Round "4"]
[Result "1/2-1/2"]
[White "Nadezhda Kosintseva"]
[Black "Anna Zatonskih"]
[WhiteElo "2493"]
[BlackElo "2462"]
[PlyCount "88"]

1. e4 e5 2. Nf3 Nf6 3. d4 Nxe4 4. Bd3 d5 5. dxe5 Nc5 6. Nc3
Nxd3+ 7. Qxd3 c6 8. Nd4 Na6 9. O-O Bc5 10. Nb3 O-O 11. Qg3 Bf5
12. Bg5 Qd7 13. Ne2 Bb6 14. Ned4 Bg6 15. c3 c5 16. Nf3 Rfe8
17. Nh4 c4 18. Nxg6 fxg6 19. Nd4 Nc5 20. f4 Ne4 21. Qe3 Nxg5
22. fxg5 Re6 23. Kh1 Qe7 24. Rae1 Re8 25. Qf4 Bxd4 26. cxd4 b5
27. a3 a5 28. Qd2 b4 29. axb4 axb4 30. Ra1 Rc6 31. Kg1 c3
32. bxc3 bxc3 33. Qe3 c2 34. Qf3 Qe6 35. Rac1 Rec8 36. h3 Rc3
37. Qf4 R3c4 38. Rf2 Qe7 39. Qg4 Rc3 40. Qf4 Qe6 41. Qd2 Qb6
42. Qf4 Qe6 43. Qd2 Qb6 44. Qf4 Qe6 1/2-1/2

[Event "Yinzhou Cup Women World Teams"]
[Site "Ningbo CHN"]
[Date "2009.09.06"]
[EventDate "2009.09.02"]
[Round "5"]
[Result "1/2-1/2"]
[White "Tan Zhongyi"]
[Black "Anna Zatonskih"]
[WhiteElo "2435"]
[BlackElo "2462"]
[PlyCount "86"]

1. Nf3 d5 2. d4 Nf6 3. c4 e6 4. Nc3 Be7 5. Bg5 O-O 6. e3 h6
7. Bh4 Ne4 8. Bxe7 Qxe7 9. Rc1 Nxc3 10. Rxc3 c6 11. Bd3 dxc4
12. Rxc4 Nd7 13. O-O e5 14. Qb1 exd4 15. exd4 Nb6 16. Rcc1 Rd8
17. Rfe1 Qf6 18. Rc5 Bg4 19. Ne5 Rxd4 20. Nxg4 Rxg4 21. Bf5
Rb4 22. Rce5 g6 23. Be6 Rf8 24. Bb3 Nd7 25. R5e3 Nc5 26. Rf3
Qg7 27. Bxf7+ Rxf7 28. Re8+ Kh7 29. Qe1 Rbf4 30. Rxf4 Rxf4
31. Qe3 Rf7 32. Qxc5 Qxb2 33. h4 b6 34. Qe3 Qa1+ 35. Kh2 Qf6
36. h5 Qd6+ 37. g3 Qf6 38. Kg2 gxh5 39. Re6 Qg5 40. Qe4+ Qf5
41. Qe3 Qg5 42. Qe4+ Qf5 43. Qe3 Qg5 1/2-1/2

[Event "Yinzhou Cup Women World Teams"]
[Site "Ningbo CHN"]
[Date "2009.09.09"]
[EventDate "2009.09.02"]
[Round "7"]
[Result "0-1"]
[White "Anna Zatonskih"]
[Black "Natalia Zhukova"]
[WhiteElo "2462"]
[BlackElo "2457"]
[PlyCount "74"]

1. e4 Nf6 2. e5 Nd5 3. d4 d6 4. c4 Nb6 5. exd6 exd6 6. Bd3 Nc6
7. Be3 Nb4 8. Be2 Bf5 9. Na3 Be7 10. Nf3 d5 11. c5 Nd7 12. Qb3
a5 13. O-O O-O 14. Rfc1 c6 15. Nb1 b5 16. Nbd2 Nc2 17. Rxc2 a4
18. Qc3 b4 19. Qxb4 Bxc2 20. Nf1 Bg6 21. Bf4 Qc8 22. b3 Re8
23. Ne3 Bxc5 24. Qc3 axb3 25. dxc5 Rxa2 26. Nd2 Rxa1+ 27. Qxa1
Qb7 28. Qb2 Qb4 29. Bg4 Qxf4 30. Bxd7 Rxe3 31. g3 Re1+ 32. Kg2
Be4+ 33. Kh3 Qh6+ 34. Kg4 f5+ 35. Bxf5 Bxf5+ 36. Kxf5 g6+
37. Kg4 Qh5+ 0-1

[Event "Yinzhou Cup Women World Teams"]
[Site "Ningbo CHN"]
[Date "2009.09.11"]
[EventDate "2009.09.02"]
[Round "9"]
[Result "0-1"]
[White "Anna Zatonskih"]
[Black "Tania Sachdev"]
[WhiteElo "2462"]
[BlackElo "2405"]
[PlyCount "94"]

1. d4 Nf6 2. c4 e6 3. g3 c5 4. d5 exd5 5. cxd5 d6 6. Nc3 g6
7. Bg2 Bg7 8. Nf3 a6 9. a4 O-O 10. O-O Nbd7 11. Bf4 Qe7 12. h3
h6 13. Qc1 Kh7 14. e4 Ne8 15. Re1 Rb8 16. a5 Nc7 17. Na4 Nb5
18. Rb1 Qd8 19. Qd2 Re8 20. Rbc1 Ne5 21. Nxe5 Bxe5 22. Bxe5
Rxe5 23. Nb6 Bd7 24. f4 Re8 25. Kh2 Nd4 26. Qd1 Nb5 27. Qd3 h5
28. f5 Nd4 29. b4 Bb5 30. fxg6+ fxg6 31. Qe3 h4 32. gxh4 Qxh4
33. bxc5 dxc5 34. Rxc5 Nf5 35. Rc7+ Kg8 36. Qc3 Qf4+ 37. Kg1
Nd4 38. Kh1 Nf5 39. Qf3 Qxc7 40. Qg4 Qg3 41. Qxg3 Nxg3+
42. Kh2 Ne2 43. Bf3 Nd4 44. Bg4 Re5 45. d6 Rd8 46. d7 Bxd7
47. Nxd7 Rxd7 0-1

[Event "US Women's Chess Championship"]
[Site "St Louis United States"]
[Date "2009.10.04"]
[EventDate "2009.10.04"]
[Round "1"]
[Result "0-1"]
[White "Iryna Zenyuk"]
[Black "Anna Zatonskih"]
[WhiteElo "2271"]
[BlackElo "2492"]
[PlyCount "77"]

1. d4 e6 2. c4 f5 3. g3 Nf6 4. Bg2 c6 5. Nh3 d6 6. O-O Be7
7. b3 O-O 8. Bb2 Qc7 9. Nd2 e5 10. c5 d5 11. dxe5 Ng4 12. Nf3
Nd7 13. Nf4 Nxc5 14. Rc1 Qa5 15. Bc3 Qa3 16. h3 Nh6 17. Nd4
Ne4 18. Bxe4 fxe4 19. Nc2 Qa6 20. Nb4 Qb5 21. a4 Qb6 22. Nbxd5
cxd5 23. Qxd5 Nf7 24. Ba5 Qh6 25. Rc7 Qg5 26. h4 Qxe5 27. Qxe5
Nxe5 28. Rxe7 Nc6 29. Rxe4 Nxa5 30. b4 Nc6 31. b5 Bf5 32. Re3
Na5 33. Nd5 Rf7 34. Ne7 Kf8 35. Nxf5 Rxf5 36. f4 Rc5 37. Re4
Re8 38. Rxe8 Kxe8 39. e4 0-1

[Event "US Women's Chess Championship"]
[Site "St Louis United States"]
[Date "2009.10.05"]
[EventDate "2009.10.04"]
[Round "2"]
[Result "1-0"]
[White "Anna Zatonskih"]
[Black "Tsagaan Battsetseg"]
[WhiteElo "2492"]
[BlackElo "2265"]
[PlyCount "65"]

1. d4 Nf6 2. Nf3 g6 3. g3 Bg7 4. Bg2 O-O 5. c4 d6 6. Nc3 Nbd7
7. O-O e5 8. e4 exd4 9. Nxd4 Re8 10. h3 a6 11. Be3 c6 12. Qc2
h5 13. Rad1 Qe7 14. Rfe1 h4 15. g4 Ne5 16. Qe2 c5 17. Nc2 Be6
18. Na3 Nfxg4 19. hxg4 h3 20. Bxh3 Qh4 21. Kg2 Nxg4 22. Rh1
Bxc3 23. bxc3 Nxe3 24. Qxe3 Bxh3 25. Qxh3 Qxe4 26. Qf3 Qe5
27. Rd5 Qg7 28. Nc2 Re6 29. Rd3 Rae8 30. Ne3 f5 31. Rb1 R8e7
32. Nd5 Re8 33. Rxb7 1-0

[Event "US Women's Chess Championship"]
[Site "St Louis United States"]
[Date "2009.10.06"]
[EventDate "2009.10.04"]
[Round "3"]
[Result "0-1"]
[White "Irina Krush"]
[Black "Anna Zatonskih"]
[WhiteElo "2490"]
[BlackElo "2492"]
[PlyCount "56"]

1. d4 d5 2. c4 e6 3. Nc3 Be7 4. Nf3 Nf6 5. Bg5 h6 6. Bh4 O-O
7. e3 Ne4 8. Bxe7 Qxe7 9. Rc1 Nxc3 10. Rxc3 c6 11. Qc2 Nd7
12. cxd5 exd5 13. Bd3 Nb6 14. O-O Be6 15. Rb1 a5 16. Nd2 Nc8
17. Ra3 Nd6 18. Qc5 Qc7 19. Rc3 Rfc8 20. Rbc1 Qd8 21. h3 Bf5
22. Bf1 b5 23. Rb3 Nb7 24. Qa3 b4 25. Qa4 c5 26. dxc5 Nxc5
27. Qb5 Rab8 28. Qe2 a4 0-1

[Event "US Women's Chess Championship"]
[Site "St Louis United States"]
[Date "2009.10.07"]
[EventDate "2009.10.04"]
[Round "4"]
[Result "1/2-1/2"]
[White "Anna Zatonskih"]
[Black "Camilla Baginskaite"]
[WhiteElo "2492"]
[BlackElo "2356"]
[PlyCount "81"]

1. d4 Nf6 2. c4 e6 3. Nf3 d5 4. g3 dxc4 5. Bg2 c5 6. O-O Nc6
7. Qa4 Bd7 8. Qxc4 b5 9. Qd3 Rc8 10. dxc5 Bxc5 11. Nc3 Nb4
12. Qd1 Bc6 13. Qxd8 Kxd8 14. Bg5 Ke7 15. Rfd1 h6 16. Bxf6
gxf6 17. Ne1 Bxg2 18. Kxg2 a6 19. a4 bxa4 20. Rxa4 Rb8 21. Na2
Nxa2 22. Rxa2 Rb6 23. Nd3 Bd4 24. Rc1 Rhb8 25. Rc7 Kf8 26. b4
Kg7 27. f4 f5 28. Kf3 Rd6 29. Rac2 Bb6 30. Rc8 Rxc8 31. Rxc8
Bd4 32. Rc7 Rb6 33. h3 h5 34. g4 hxg4 35. hxg4 fxg4 36. Kxg4
Rb5 37. Rd7 Bc3 38. Ra7 a5 39. bxa5 Rxa5 40. Rxa5 Bxa5 41. Kf3
1/2-1/2

[Event "US Women's Chess Championship"]
[Site "St Louis United States"]
[Date "2009.10.08"]
[EventDate "2009.10.04"]
[Round "5"]
[Result "0-1"]
[White "Tatev Abrahamyan"]
[Black "Anna Zatonskih"]
[WhiteElo "2342"]
[BlackElo "2492"]
[PlyCount "114"]

1. e4 e5 2. Bc4 Nf6 3. d3 c6 4. Nf3 d5 5. Bb3 Bd6 6. Nc3 dxe4
7. Ng5 O-O 8. Ncxe4 Nxe4 9. Nxe4 Bf5 10. Ng3 Qd7 11. Nxf5 Qxf5
12. O-O Nd7 13. Be3 Nc5 14. Bxc5 Bxc5 15. Qe2 Rad8 16. Rae1
Rfe8 17. Qe4 Qf6 18. c3 Re7 19. Kh1 g6 20. Rd1 Kg7 21. g3 Bd6
22. Kg2 Bc7 23. Rfe1 Rde8 24. Re3 Bb6 25. Rf3 Qg5 26. h4 Qh5
27. Re1 f5 28. Qc4 Kh8 29. d4 e4 30. Rfe3 Qh6 31. Bc2 Qg7
32. f3 exf3 33. Kxf3 Rxe3 34. Rxe3 Rxe3 35. Kxe3 Qe7 36. Kf2
f4 37. gxf4 Qxh4 38. Kf3 Qh3 39. Ke2 Qg2 40. Kd1 Qg1 41. Ke2
Qg4 42. Ke1 Qxf4 43. Qe6 Kg7 44. Qe7 Qf7 45. Qe5 Qf6 46. Qe4
Bc7 47. Bd3 Qf4 48. Qe7 Qf7 49. Qe2 Qxa2 50. c4 Qa5 51. Kd1
Qg5 52. Kc2 Qf6 53. Qe8 Bd8 54. Qd7 Qe7 55. Qg4 Qf7 56. Kb1
Bf6 57. Qf4 Qd7 0-1

[Event "US Women's Chess Championship"]
[Site "St Louis United States"]
[Date "2009.10.10"]
[EventDate "2009.10.04"]
[Round "6"]
[Result "1-0"]
[White "Anna Zatonskih"]
[Black "Alisa Melekhina"]
[WhiteElo "2492"]
[BlackElo "2253"]
[PlyCount "125"]

1. d4 Nf6 2. c4 g6 3. Nc3 Bg7 4. g3 O-O 5. Bg2 d6 6. Nf3 Bd7
7. O-O Qc8 8. Re1 Bh3 9. Bh1 Bg4 10. Bg5 Re8 11. Qd2 c6
12. Rad1 Nbd7 13. Bh6 Bh8 14. Ng5 Nf8 15. Bg2 Ne6 16. f3 Nxg5
17. Bxg5 Bh3 18. Bxh3 Qxh3 19. e4 Nh5 20. Qf2 Bf6 21. Be3 b6
22. f4 c5 23. e5 cxd4 24. Bxd4 dxe5 25. fxe5 Bh8 26. Nd5 Rac8
27. b3 Qe6 28. Bb2 Ng7 29. Rf1 h5 30. Nf4 Qf5 31. Qe2 Ne6
32. Nd5 Qg4 33. Qg2 h4 34. gxh4 Qxh4 35. Rd3 Bg7 36. Rh3 Qg5
37. Rg3 Qh5 38. Rh3 Qg5 39. Rg3 Qh5 40. Qf2 g5 41. a4 Rcd8
42. Qf5 Qg6 43. Qg4 Kh7 44. h4 Bh6 45. Qf3 Rf8 46. h5 Qc2
47. Rg2 g4 48. Qxg4 Rg8 49. Rxf7 Kh8 50. Rxc2 Rxg4 51. Rg2
Rxg2 52. Kxg2 Nf4 53. Nxf4 Rd2 54. Kf3 Rxb2 55. Ng6 Kg8
56. Rxe7 Rxb3 57. Ke4 Rb4 58. Rc7 Rxa4 59. e6 Ra1 60. Rc8 Kg7
61. e7 Re1 62. Kd5 Kf7 63. Rf8 1-0

[Event "US Women's Chess Championship"]
[Site "St Louis United States"]
[Date "2009.10.12"]
[EventDate "2009.10.04"]
[Round "8"]
[Result "0-1"]
[White "Sabina-Francesca Foisor"]
[Black "Anna Zatonskih"]
[WhiteElo "2379"]
[BlackElo "2492"]
[PlyCount "112"]

1. d4 d5 2. c4 e6 3. Nc3 Be7 4. cxd5 exd5 5. Bf4 Nf6 6. Qc2 c5
7. e3 cxd4 8. exd4 Nc6 9. Bb5 Qb6 10. Nge2 O-O 11. Bxc6 Qxc6
12. O-O Be6 13. Rac1 Rac8 14. f3 Qd7 15. g4 b5 16. a3 Ne8
17. Qb3 a6 18. Bg3 Rc4 19. Rcd1 f6 20. Rfe1 Bf7 21. Nf4 Nc7
22. Qc2 b4 23. axb4 Bxb4 24. Qf5 Qxf5 25. gxf5 Nb5 26. Nfe2
Nxc3 27. bxc3 Bxc3 28. Nxc3 Rxc3 29. Kf2 Rfc8 30. Re3 Rxe3
31. Kxe3 Rc3 32. Rd3 Rxd3 33. Kxd3 Bh5 34. Ke3 a5 35. Bd6 Kf7
36. Kf4 Ke8 37. Ba3 a4 38. Ke3 Kd7 39. h3 Kd8 40. Bf8 Ke8
41. Bc5 Kf7 42. h4 Kg8 43. Kf4 Be8 44. Ba3 Bb5 45. Ke3 Kf7
46. Bb4 Bc4 47. Kd2 Bf1 48. Ke3 Bh3 49. Kf4 Ke8 50. Ba3 Kd7
51. Bf8 Kc6 52. Ke3 Bxf5 53. Kd2 g5 54. Be7 gxh4 55. Bxf6 h3
56. Be5 Be4 0-1

[Event "US Women's Chess Championship"]
[Site "St Louis United States"]
[Date "2009.10.13"]
[EventDate "2009.10.04"]
[Round "9"]
[Result "1-0"]
[White "Anna Zatonskih"]
[Black "Yun Fan"]
[WhiteElo "2492"]
[BlackElo "2134"]
[PlyCount "95"]

1. d4 d5 2. Nf3 Nf6 3. c4 e6 4. g3 dxc4 5. Bg2 Bd7 6. Ne5 Bc6
7. Nxc6 Nxc6 8. Qa4 Bb4 9. Bd2 Bxd2 10. Nxd2 O-O 11. Bxc6 bxc6
12. Qxc4 Rb8 13. b3 Qd6 14. Nf3 Ne4 15. O-O f5 16. Rac1 Rb6
17. Qd3 Qd5 18. Ne5 Ng5 19. f3 Nf7 20. Nxf7 Rxf7 21. Rc5 Qd6
22. Rfc1 h5 23. Qe3 Rf6 24. Qe5 Qd7 25. Qf4 Rh6 26. Kh1 Qe7
27. h4 Qd7 28. R1c4 Rg6 29. Kh2 Kh7 30. Ra4 a6 31. Rac4 Rb5
32. Rxb5 axb5 33. Rc2 Qd5 34. Qe5 Qd7 35. e3 Qc8 36. Qc5 Qd8
37. Qxc6 f4 38. exf4 Qxd4 39. Qxb5 Qe3 40. Qe2 Qb6 41. Qe4 Kh6
42. Re2 Qc5 43. Qe3 Qf5 44. Qd2 Rf6 45. Re5 Qb1 46. f5 Kh7
47. fxe6 g6 48. Qe2 1-0

[Event "Gibraltar"]
[Site "Catalan Bay GIB"]
[Date "2010.01.28"]
[EventDate "2010.01.26"]
[Round "3"]
[Result "1-0"]
[White "Anna Zatonskih"]
[Black "Andreas Aerni"]
[WhiteElo "2466"]
[BlackElo "2137"]
[PlyCount "61"]

1. e4 d5 2. exd5 Qxd5 3. Nc3 Qa5 4. d4 Nf6 5. Nf3 c6 6. Bc4
Bf5 7. Bd2 e6 8. Nd5 Qd8 9. Nxf6+ Qxf6 10. Qe2 Bg4 11. O-O-O
Nd7 12. Kb1 Nb6 13. Bb3 O-O-O 14. c3 Nd5 15. Rde1 Bxf3
16. gxf3 Bd6 17. c4 Nf4 18. Qe4 Nh3 19. Be3 Kb8 20. d5 exd5
21. cxd5 c5 22. Rc1 Rc8 23. Rc4 Ng5 24. Qg4 Nxf3 25. Rc2 Ne5
26. Qa4 Qf3 27. Rhc1 Nd3 28. Rc3 Nxc1 29. Bxc5 Qf5+ 30. Bc2
Qxd5 31. Bxa7+ 1-0

[Event "Gibraltar"]
[Site "Catalan Bay GIB"]
[Date "2010.01.29"]
[EventDate "2010.01.26"]
[Round "4"]
[Result "0-1"]
[White "Alan M Byron"]
[Black "Anna Zatonskih"]
[WhiteElo "2196"]
[BlackElo "2466"]
[PlyCount "80"]

1. c4 e5 2. g3 g6 3. Bg2 Bg7 4. Nc3 d6 5. d3 f5 6. Rb1 Nf6
7. Bg5 h6 8. Bd2 O-O 9. b4 a5 10. a3 Kh7 11. Qb3 Qe7 12. e3
axb4 13. axb4 c6 14. Nge2 Be6 15. O-O Nbd7 16. Qc2 d5 17. c5
Bf7 18. d4 e4 19. b5 g5 20. bxc6 bxc6 21. Rb7 Bh5 22. Rfb1 Bg6
23. Rc7 Qe6 24. Na2 Ne8 25. Rcb7 f4 26. Nec3 fxg3 27. hxg3
Bxd4 28. Ne2 Bg7 29. Bc3 d4 30. Nxd4 Bxd4 31. Bxd4 Rxa2
32. Rxd7+ Kg8 33. Rbb7 Rf7 34. Qb1 Rfxf2 35. Bf1 Qg4 36. Rg7+
Kf8 37. Be5 Qf3 38. Bd6+ Nxd6 39. Rg8+ Kxg8 40. Qb3+ Bf7 0-1

[Event "Gibraltar"]
[Site "Catalan Bay GIB"]
[Date "2010.01.30"]
[EventDate "2010.01.26"]
[Round "5"]
[Result "1/2-1/2"]
[White "Anna Zatonskih"]
[Black "Andrei Istratescu"]
[WhiteElo "2466"]
[BlackElo "2607"]
[PlyCount "111"]

1. d4 d6 2. e4 g6 3. Nf3 Bg7 4. Bc4 Nf6 5. Qe2 O-O 6. O-O Bg4
7. h3 Bxf3 8. Qxf3 Nc6 9. Rd1 e5 10. c3 Qe8 11. Bg5 Nd7
12. Be3 Kh8 13. dxe5 Ndxe5 14. Qe2 Nxc4 15. Qxc4 Qe6 16. Qxe6
fxe6 17. Na3 a6 18. Nc2 Ne5 19. b3 Kg8 20. Rac1 Rfe8 21. Kf1
h6 22. Bd4 g5 23. Ne3 b6 24. Ng4 Ng6 25. Bxg7 Kxg7 26. Nh2 Rf8
27. Nf3 Rf4 28. Re1 Raf8 29. Rc2 Kf7 30. Re3 Ke7 31. Ne1 c5
32. Rd2 Rc8 33. c4 Rff8 34. Rf3 Ne5 35. Rxf8 Rxf8 36. Ke2 Nc6
37. Ke3 b5 38. Rc2 Nb4 39. Rb2 Rb8 40. Nd3 Nxd3 41. Kxd3 bxc4+
42. Kxc4 Rb4+ 43. Kd3 Kf6 44. f3 a5 45. Rc2 a4 46. Rc4 Rxc4
47. bxc4 e5 48. g3 Ke6 49. Ke3 a3 50. Ke2 Kd7 51. Kd3 Kc6
52. Kc3 Kb6 53. Kb3 Ka6 54. Kxa3 Kb6 55. Kb3 Ka5 56. Ka3
1/2-1/2

[Event "Gibraltar"]
[Site "Catalan Bay GIB"]
[Date "2010.02.01"]
[EventDate "2010.01.26"]
[Round "7"]
[Result "1-0"]
[White "Anna Zatonskih"]
[Black "Espen Forsaa"]
[WhiteElo "2466"]
[BlackElo "2301"]
[PlyCount "41"]

1. d4 f5 2. Nc3 d5 3. Nf3 Nf6 4. Bf4 e6 5. e3 a6 6. Bd3 c5
7. dxc5 Bxc5 8. O-O O-O 9. Ne2 Nc6 10. c4 Qe7 11. Ned4 Bd7
12. Rc1 Rac8 13. cxd5 Nxd5 14. Nxf5 exf5 15. Bc4 Be6 16. Bxd5
Nb4 17. Bg5 Qd7 18. Bb3 Kh8 19. Qxd7 Bxd7 20. Ne5 Bb5 21. Rfd1
1-0

[Event "Gibraltar"]
[Site "Catalan Bay GIB"]
[Date "2010.02.04"]
[EventDate "2010.01.26"]
[Round "10"]
[Result "0-1"]
[White "Carlos Vinas Guerrero"]
[Black "Anna Zatonskih"]
[WhiteElo "2120"]
[BlackElo "2466"]
[PlyCount "94"]

1. e4 e6 2. d4 d5 3. Nc3 Bb4 4. exd5 exd5 5. Bd3 Nc6 6. Nge2
Nge7 7. O-O Bg4 8. f3 Bh5 9. Be3 Bg6 10. a3 Ba5 11. Bf2 O-O
12. b4 Bb6 13. Na4 Re8 14. c3 Qd7 15. Nb2 Nd8 16. Nf4 c6
17. Nxg6 hxg6 18. Re1 Ne6 19. Qd2 Bc7 20. Bg3 a5 21. Bc2 Nf5
22. Bxf5 gxf5 23. Bxc7 Nxc7 24. Nd3 b6 25. Rxe8+ Nxe8 26. Ne5
Qc7 27. Re1 Nd6 28. Qd3 Re8 29. Qc2 Nc4 30. bxa5 bxa5 31. a4
f6 32. Nd3 Rxe1+ 33. Nxe1 Qe7 34. Nd3 Qe3+ 35. Kh1 Nd2 36. h3
f4 37. Kh2 Qe2 38. Kh1 Kh8 39. h4 Kg8 40. h5 Kh8 41. h6 g5
42. Qb2 Qxd3 43. Qb8+ Kh7 44. Qc7+ Kxh6 45. Qxc6 Qb1+ 46. Kh2
Nf1+ 47. Kg1 Ng3+ 0-1

[Event "USA Women Championship"]
[Site "St Louis USA"]
[Date "2010.07.10"]
[EventDate "2010.07.10"]
[Round "1"]
[Result "1-0"]
[White "Anna Zatonskih"]
[Black "Katerina Rohonyan"]
[WhiteElo "2470"]
[BlackElo "2319"]
[PlyCount "136"]

1. d4 d5 2. c4 c6 3. e3 Nf6 4. Nf3 g6 5. Bd3 Bg7 6. O-O O-O
7. Nc3 Bg4 8. h3 Bxf3 9. Qxf3 e6 10. Rd1 Nbd7 11. Rb1 a6
12. e4 e5 13. dxe5 Nxe5 14. Qe2 d4 15. Bc2 Nfd7 16. f4 dxc3
17. fxe5 Qe7 18. bxc3 Nxe5 19. Be3 Rad8 20. c5 Rxd1+ 21. Rxd1
Nd7 22. Qc4 Be5 23. Bb3 Bb8 24. Qd4 Ne5 25. Bh6 Re8 26. Rf1
Rf8 27. Bxf8 Qxf8 28. Rd1 Bc7 29. a4 Qe7 30. Ba2 a5 31. Kh1 h5
32. Rf1 Bb8 33. Qf2 Kg7 34. Rb1 Qc7 35. Qd4 Qe7 36. Rd1 Bc7
37. Rf1 Kg8 38. Qe3 Kg7 39. Qf2 Bb8 40. Rb1 Qc7 41. Qd4 Qe7
42. Bc4 Kg8 43. Ba6 Bc7 44. Rxb7 Kh7 45. Be2 Kg8 46. Qe3 Kg7
47. Rb1 Nd7 48. Rf1 Nxc5 49. Qd4+ Be5 50. Qc4 Bf6 51. Bf3 Be5
52. Rd1 Kh7 53. Rf1 Kg7 54. Bd1 Bf6 55. Bc2 h4 56. Rf3 Qe5
57. Bb1 Qe7 58. Bc2 Qe5 59. Qf1 Ne6 60. Qd3 Be7 61. g4 hxg3
62. Rxg3 c5 63. Qe3 Bd6 64. Rg2 Nf4 65. Rf2 Qg5 66. Bb3 Qh4
67. e5 c4 68. Rxf4 Qxf4 1-0

[Event "USA Women Championship"]
[Site "St Louis USA"]
[Date "2010.07.12"]
[EventDate "2010.07.10"]
[Round "3"]
[Result "1/2-1/2"]
[White "Anna Zatonskih"]
[Black "Irina Krush"]
[WhiteElo "2470"]
[BlackElo "2476"]
[PlyCount "66"]

1. d4 Nf6 2. c4 e6 3. Nf3 c5 4. d5 d6 5. Nc3 exd5 6. cxd5 g6
7. Bf4 Bg7 8. Qa4+ Bd7 9. Qb3 Qc7 10. h3 b5 11. Nxb5 Bxb5
12. Qxb5+ Nbd7 13. Qc6 Qd8 14. Nd2 O-O 15. e3 Rc8 16. Qxd6 Qa5
17. Qa6 Qb4 18. Qb5 Nxd5 19. a3 Qxb2 20. Qxb2 Bxb2 21. Ra2 Bc3
22. Bh6 Rfd8 23. Bc4 Ne5 24. Bxd5 Rxd5 25. Ke2 Rxd2+ 26. Rxd2
Bxd2 27. Kxd2 Nc4+ 28. Kc3 Nxa3 29. Bf4 Nb5+ 30. Kc4 Na3+
31. Kb3 Nb5 32. Kc4 Na3+ 33. Kb3 Nb5 1/2-1/2

[Event "USA Women Championship"]
[Site "St Louis USA"]
[Date "2010.07.13"]
[EventDate "2010.07.10"]
[Round "4"]
[Result "0-1"]
[White "Alisa Melekhina"]
[Black "Anna Zatonskih"]
[WhiteElo "2265"]
[BlackElo "2470"]
[PlyCount "147"]

1. e4 Nf6 2. e5 Nd5 3. d4 d6 4. Nf3 dxe5 5. Nxe5 c6 6. Bc4 g6
7. Nc3 Bg7 8. O-O O-O 9. Ne4 Nd7 10. f4 N7f6 11. Ng5 e6 12. c3
Qc7 13. Qe1 c5 14. b3 h6 15. Ngf3 cxd4 16. cxd4 Re8 17. Bd2
Bd7 18. Rc1 Qd6 19. Bd3 Rec8 20. Bc4 b5 21. Bd3 Rxc1 22. Bxc1
Be8 23. g4 Ne7 24. Qa5 Nc6 25. Qa6 Rb8 26. g5 Rb6 27. Qa3 Qxa3
28. Bxa3 Nd5 29. Bc5 Rb7 30. Be4 Rb8 31. Bxd5 exd5 32. h4 Nd8
33. b4 Rb7 34. Nh2 Bd7 35. Nxd7 Rxd7 36. Ng4 hxg5 37. fxg5 Ne6
38. Nf6+ Bxf6 39. gxf6 Rc7 40. Re1 Rc6 41. Re5 Nf4 42. Re8+
Kh7 43. Re7 Rxf6 44. Bxa7 Kh6 45. Kh2 Ra6 46. Rxf7 g5
47. hxg5+ Kxg5 48. Bc5 Kg4 49. a3 Rxa3 50. Rg7+ Kf5 51. Re7
Rd3 52. Re1 Kg4 53. Rg1+ Kf3 54. Rf1+ Ke4 55. Rf2 Re3 56. Rf1
Rh3+ 57. Kg1 Rg3+ 58. Kh2 Rh3+ 59. Kg1 Rf3 60. Re1+ Re3
61. Rd1 Nd3 62. Rb1 Re1+ 63. Rxe1+ Nxe1 64. Kf2 Nc2 65. Ke2
Nxd4+ 66. Kd2 Ne6 67. Ke2 d4 68. Be7 Kd5 69. Kd3 Nf4+ 70. Kd2
Kc4 71. Bd6 Nd5 72. Bf8 Nxb4 73. Bd6 Nd5 74. Bf8 0-1

[Event "USA Women Championship"]
[Site "St Louis USA"]
[Date "2010.07.15"]
[EventDate "2010.07.10"]
[Round "6"]
[Result "0-1"]
[White "Abby Marshall"]
[Black "Anna Zatonskih"]
[WhiteElo "2182"]
[BlackElo "2470"]
[PlyCount "136"]

1. e4 c6 2. d4 d5 3. exd5 cxd5 4. c4 Nf6 5. Nc3 Nc6 6. Nf3 Be6
7. Bg5 g6 8. Be2 Bg7 9. O-O O-O 10. cxd5 Nxd5 11. Re1 Rc8
12. Qd2 Nxc3 13. bxc3 Na5 14. Rac1 Re8 15. Bb5 Bd7 16. Bf1 b5
17. Bh6 Bh8 18. Ne5 a6 19. Nd3 Nb7 20. Bf4 Be6 21. Be5 Bxe5
22. Rxe5 Bc4 23. Re3 Bxd3 24. Bxd3 e6 25. Rh3 Qf6 26. a4 Nd6
27. axb5 axb5 28. Rb1 Rb8 29. Rf3 Qe7 30. Re3 Rec8 31. Re5 Qa7
32. Re3 Qc7 33. Bf1 Nf5 34. Rh3 Qd7 35. Bd3 Nd6 36. Rf3 Qc7
37. Qf4 Rb6 38. h4 Qe7 39. Bf1 h5 40. g3 Qb7 41. Re3 Qa8
42. Bg2 Qa5 43. d5 e5 44. Rxe5 Qxc3 45. Rbe1 b4 46. R5e3 Qc5
47. Be4 Qd4 48. Rd3 Qc4 49. Qe3 Rb7 50. Rd4 Qc5 51. Red1 Re7
52. Qd3 Rce8 53. Bg2 Rb8 54. Qb3 Ra7 55. Qb2 b3 56. Bf1 Ra2
57. Qb1 Rb4 58. R4d2 Rxd2 59. Rxd2 Ne4 60. Rb2 Qc3 61. Bg2 Nd2
62. Qa1 Nc4 63. Qa8+ Kg7 64. Rb1 b2 65. Qc6 Qc1+ 66. Kh2 Qxb1
67. d6 Qd3 68. Be4 Qxd6 0-1